| 000 | 00956nam a22002417a 4500 | ||
|---|---|---|---|
| 999 |
_c11665 _d11665 |
||
| 003 | AR-CdUCM | ||
| 008 | 190404b ||||| |||| 00| 0 spa d | ||
| 040 |
_aMUNICIPALIDAD PROVINCIAL DEL CUSCO _cBIBLIOTECA MUNICIPAL DEL CUSCO |
||
| 041 | _heng | ||
| 082 |
_a940.53 / _bR961 / 1955 |
||
| 100 |
_aRussell, (Lord) _929138 |
||
| 245 |
_aEl flagelo de la svástica : _bBreve historia de los crímenes de guerra nazis / |
||
| 260 |
_aBuenos Aires : _bAmericana, _c1955. |
||
| 300 |
_a268 páginas ; _bIlustraciones, _c23 cm. |
||
| 500 | _aLibro en mal estado. Hojas dañadas. | ||
| 505 | _aContenido: Los instrumentos de la tiranía de Hitler -- Malos tratamiento y asesinatos de los prisioneros de Guerra -- Crímenes de guerra en alta mar ... | ||
| 650 |
_aHistoria Alemana _929139 |
||
| 650 |
_aSiglo XX _98 |
||
| 650 |
_aSegunda Guerra Mundial _93550 |
||
| 700 |
_aJasca, Adolfo (traductor) _929140 |
||
| 942 |
_2ddc _cLIBROS |
||
| 945 |
_acmm _d2019-04-04 |
||